I frammenti.
I tiakina i:
| Kaituhi matua: | |
|---|---|
| Ētahi atu kaituhi: | , , |
| Hōputu: | Pukapuka |
| I whakaputaina: |
Milano, Italia:
Marcos y Marcos,
1992
|
| Putanga: | Prima edizione. |
| Rangatū: | I Presocratici,
|
| Ngā marau: | |
| Ngā Tūtohu: |
Tāpirihia he Tūtohu
Kāore He Tūtohu, Me noho koe te mea tuatahi ki te tūtohu i tēnei pūkete!
|
MARC
| LEADER | 00000nam a22000007a 4500 | ||
|---|---|---|---|
| 003 | CL-VaPUC | ||
| 005 | 20220822114524.0 | ||
| 008 | 220624t1992 ||||| |||| 00| 0 eng d | ||
| 999 | |c 436350 |d 436348 | ||
| 040 | |c Pontificia Universidad Católica de Valparaíso | ||
| 082 | 0 | 4 | |2 22 |a 182 TAL 1992 |
| 100 | |a Talete |e autor |9 871468 | ||
| 245 | 1 | 2 | |a I frammenti. |
| 250 | |a Prima edizione. | ||
| 260 | |a Milano, Italia: |b Marcos y Marcos, |c 1992 | ||
| 300 | |a 113 páginas. | ||
| 490 | 0 | |a I Presocratici, |n 6. | |
| 500 | |a c.1 Donación Familia Prof. Alejandro Guzmán Brito. | ||
| 583 | |c 20220309 |k Cristina María Rojas Aguilar | ||
| 650 | 1 | |a Filosofía presocrática |x Filosofía antigua |9 870106 | |
| 650 | 1 | |a Filosofía griega |x Filosofía antigua |9 870107 | |
| 700 | |a Anassimandro |e autor |9 871536 | ||
| 700 | |a Anassimene |e autor |9 871537 | ||
| 700 | |a Trabattoni, Franco |e prefazione |9 867077 | ||
| 942 | |2 ddc |c BK |n 0 | ||
| 952 | |0 0 |1 0 |2 ddc |4 0 |6 182_000000000000000_TAL_1992 |7 0 |8 C_AGB |9 584061 |a BIBDER |b BIBDER |d 2022-06-24 |e Donación |i 5652122 |o 182 TAL 1992 |p 5652122 |r 2023-01-25 |t 1 |w 2022-06-24 |y BK_US |k AGB | ||